000
00205 a2200097 4500
001
29789
100
_a
AMC
245
_a
Balastic Miossiles Series Structures
260
_a
_b
AMC
_c
090
_c
19806
_d
19806
942
_a
NUST-CAE
_c
M
_c
10898
999
_c
264862
_d
264862